Rock slope engineering : (Record no. 546554)

000 -LEADER
fixed length control field 00530cam a22001694a 4500
020 ## - INTERNATIONAL STANDARD BOOK NUMBER
International Standard Book Number 0415280001 (hardback : alk. paper)
020 ## - INTERNATIONAL STANDARD BOOK NUMBER
International Standard Book Number 041528001X (softback : alk. paper)
082 00 - DEWEY DECIMAL CLASSIFICATION NUMBER
Classification number 624.151
Author Mark PIT
-- D
100 1# - MAIN ENTRY--PERSONAL NAME
Personal name Piteau, D.R.
9 (RLIN) 42546
110 ## - MAIN ENTRY--CORPORATE NAME
Corporate name or jurisdiction name as entry element D.R. Piteau and Associates Limited
9 (RLIN) 42547
245 10 - TITLE STATEMENT
Title Rock slope engineering :
Statement of responsibility, etc. D.R. Pieau
260 ## - PUBLICATION, DISTRIBUTION, ETC.
Place of publication, distribution, etc. New York :
Name of publisher, distributor, etc. D.R. Piteau and Associates Limited;
Date of publication, distribution, etc. 1976.
300 ## - PHYSICAL DESCRIPTION
Other physical details Part A
526 ## - STUDY PROGRAM INFORMATION NOTE
Program name 0
Interest level 0
Reading level 0
Title point value 624_151000000000000_PIT
650 #0 - SUBJECT ADDED ENTRY--TOPICAL TERM
Topical term or geographic name entry element MCE
9 (RLIN) 379
942 ## - ADDED ENTRY ELEMENTS (KOHA)
Source of classification or shelving scheme
Koha item type Book
Holdings
Withdrawn status Lost status Source of classification or shelving scheme Damaged status Not for loan Permanent Location Current Location Date acquired Total Checkouts Full call number Barcode Date last seen Price effective from Koha item type
          Military College of Engineering (MCE) Military College of Engineering (MCE) 06/12/2014   624.151 PIT MCE-42614 06/12/2014 06/12/2014 Book
© 2023 Central Library, National University of Sciences and Technology. All Rights Reserved.